A declaration or testimony given by Captain Robert Norwood under his hand (the which was by him publickly read at a meeting in Ab-church before Mr. Sidrack Simpson together with many others) April 21, 1651 : together with several his answers and desires proposed to them for satisfaction after his excommunication, worthy the most serious consideration of all, now brought to publick view for

Bibliographic Details
Main Author: Norwood, Robert, Captain
Other Authors: Simpson, Sidrach, 1600?-1655
Format: eBook
Language:English
Published: London : [publisher not identified], 1651.
Series:Early English books online.
Online Access:Connect to the full text of this electronic book

MARC

Tag First Indicator Second Indicator Subfields
LEADER 00000nam a2200000Ia 4500
001 in00004186513
005 20200810073001.0
006 m g d
007 cr bn |||a|bb|
008 850702s1651 enk o 00| | eng d
035 |a (OCoLC)12226026 
040 |a EAA  |c EAA  |d m/c  |d UMI  |d WaOLN 
037 |a CL0037000003  |b ProQuest Information and Learning. 300 N. Zeeb Rd., Ann Arbor, MI 48106 
049 |a UMIA 
100 1 |a Norwood, Robert,  |c Captain. 
245 1 2 |a A declaration or testimony given by Captain Robert Norwood under his hand (the which was by him publickly read at a meeting in Ab-church before Mr. Sidrack Simpson together with many others) April 21, 1651 :  |b together with several his answers and desires proposed to them for satisfaction after his excommunication, worthy the most serious consideration of all, now brought to publick view for 
260 |a London :  |b [publisher not identified],  |c 1651. 
300 |a 1 online resource ([2], 14, [1] pages) 
336 |a text  |b txt  |2 rdacontent 
337 |a computer  |b c  |2 rdamedia 
338 |a online resource  |b cr  |2 rdacarrier 
500 |a Reproduction of original in Thomason Collection, British Library. 
510 4 |a Wing  |c N1381 
533 |a Electronic reproduction.  |b Ann Arbor, Mich. :  |c UMI,  |d 1999-  |f (Early English books online)  |n Digital version of: (Early English books, 1641-1700 ; 115:2)  |7 s1999 miun s 
700 1 |a Simpson, Sidrach,  |d 1600?-1655. 
830 0 |a Early English books online. 
856 4 0 |u http://proxy.library.tamu.edu/login?url=https://search.proquest.com/docview/2248541140  |z Connect to the full text of this electronic book  |t 0 
999 f f |s e096f69c-882c-3aa4-aa1e-bf5eb70b853b  |i df4272e6-fb1c-3e36-afc1-8e2de1b3acb4  |t 0 
952 f f |a Texas A&M University  |b College Station  |c Electronic Resources  |d Available Online  |t 0  |h No information provided 
998 f f |t 0  |l Available Online